| 000 | 00701nam a2200229 i 4500 | ||
|---|---|---|---|
| 001 | 102469 | ||
| 003 | ES-MaACL | ||
| 005 | 20230906183121.0 | ||
| 007 | t| | ||
| 008 | 051111s1968 sp f |||| | cat d | ||
| 100 | 1 |
_aMercader, Joan ( _d1917-) _9170742 |
|
| 245 | 1 | 0 |
_aFelip V i Catalunya / _cJuan Mercader y Riba. |
| 250 | _a1ª ed. | ||
| 260 |
_aBarcelona : _bEdiciones 62, _c1968. |
||
| 300 |
_a451 p., lám. 1-23 ; _c21 cm. |
||
| 490 | 1 |
_aEstudis y documents ; _v9 |
|
| 651 | 4 |
_aCataluña- _xAdministración- _yS.XVIII. _9165963 |
|
| 651 | 4 |
_aCataluña- _xHistoria- _yS.XVIII. _98022 |
|
| 830 | 0 |
_aEstudis y documents ; _v9 _9232521 |
|
| 852 |
_aES-MaACL _jC-49949 |
||
| 999 |
_c102469 _d102469 |
||